| Tag |
First Indicator |
Second Indicator |
Subfields |
| LEADER |
00000cam a22000007a 4500 |
| 001 |
in00000016811 |
| 005 |
20151007053311.0 |
| 008 |
870218s1987 enk 00010 eng |
| 010 |
|
|
|a 87113693
|
| 020 |
|
|
|a 0863381391 :
|c £45.00
|
| 035 |
|
|
|a (OCoLC)17178807
|
| 035 |
|
|
|9 AAB1143AM
|
| 040 |
|
|
|a DLC
|c DLC
|d TXA
|d UtOrBLW
|
| 043 |
|
|
|a p------
|
| 049 |
|
|
|a TXAM
|c [A11468713]
|
| 050 |
0 |
0 |
|a HC681
|b .P26 1987
|
| 082 |
0 |
|
|a 330.99
|
| 245 |
0 |
4 |
|a The Pacific Basin :
|b an economic handbook.
|
| 250 |
|
|
|a 1st ed.
|
| 264 |
|
1 |
|a London :
|b Euromonitor Publications,
|c 1987.
|
| 300 |
|
|
|a xii, 204 pages :
|b illustrations ;
|c 24 cm.
|
| 336 |
|
|
|a text
|b txt
|2 rdacontent
|
| 337 |
|
|
|a unmediated
|b n
|2 rdamedia
|
| 338 |
|
|
|a volume
|b nc
|2 rdacarrier
|
| 500 |
|
|
|a Authors: Stuart Sinclair and others.
|
| 500 |
|
|
|a Includes index.
|
| 651 |
|
0 |
|a Pacific Area
|x Economic conditions.
|
| 700 |
1 |
|
|a Sinclair, Stuart W.
|
| 999 |
|
|
|a MARS
|
| 999 |
f |
f |
|s 14378b79-df82-3755-9732-ccbb3382484b
|i 054c13c4-ea13-385e-bf1a-9f01f38c9f95
|t 0
|
| 952 |
f |
f |
|p ric
|a Texas A&M University
|b Rellis Campus
|c Joint Library Facility
|d Remote Storage
|t 0
|e HC681 .P26 1987
|h Library of Congress classification
|i unmediated -- volume
|m A14811468713
|
| 998 |
f |
f |
|a HC681 .P26 1987
|t 0
|l Remote Storage
|